Remote sensing and global environmental change (Record no. 5699)
[ view plain ]
| 000 -LEADER | |
|---|---|
| fixed length control field | 00508 a2200181 4500 |
| 001 - CONTROL NUMBER | |
| control field | 131166 |
| 003 - CONTROL NUMBER IDENTIFIER | |
| control field | OSt |
| 005 - DATE AND TIME OF LATEST TRANSACTION | |
| control field | 20210908123917.0 |
| 008 - FIXED-LENGTH DATA ELEMENTS--GENERAL INFORMATION | |
| fixed length control field | |
| 082 ## - DEWEY DECIMAL CLASSIFICATION NUMBER | |
| Classification number | 550.284 |
| Item number | P97R |
| 100 1# - MAIN ENTRY--PERSONAL NAME | |
| Personal name | Purkis, Samuel |
| 245 1# - TITLE STATEMENT | |
| Title | Remote sensing and global environmental change |
| Statement of responsibility, etc | by Samuel Purkis and Victor Klemas |
| 260 ## - PUBLICATION, DISTRIBUTION, ETC. (IMPRINT) | |
| Place of publication, distribution, etc | Uk |
| Name of publisher, distributor, etc | John Wiley & Sons |
| Date of publication, distribution, etc | 2011 |
| 300 ## - PHYSICAL DESCRIPTION | |
| Extent | 367p. |
| 690 ## - LOCAL SUBJECT ADDED ENTRY--TOPICAL TERM (OCLC, RLIN) | |
| Topical term or geographic name as entry element | Environmental monitoring--Remote sensing |
| 700 ## - ADDED ENTRY--PERSONAL NAME | |
| Personal name | Klemas, Victor |
| 942 ## - ADDED ENTRY ELEMENTS (KOHA) | |
| Source of classification or shelving scheme | Dewey Decimal Classification |
| Koha item type | Books |
| Withdrawn status | Lost status | Source of classification or shelving scheme | Damaged status | Not for loan | Collection code | Home library | Current library | Date acquired | Source of acquisition | Cost, normal purchase price | Total Checkouts | Full call number | Barcode | Date last seen | Date checked out | Price effective from | Koha item type |
|---|---|---|---|---|---|---|---|---|---|---|---|---|---|---|---|---|---|
| Dewey Decimal Classification | General Text Book | Central University Of Rajasthan | Central University Of Rajasthan | 08/06/2012 | EVS | 9.99 | 3 | 550.284 P97R | 7244 | 04/05/2023 | 01/05/2023 | 02/09/2020 | Books |
